000 nam a22 7a 4500
999 _c8254
_d8254
008 171213b xxu||||| |||| 00| 0 eng d
100 _94678
_aCHAUDHRY.H
245 _aEXCELLENCE IN SCHOOL EDUCATION -II
260 _aNEW YORK
_bSCHOLASTIC
_c2011